| 000 | 01175nam a2200325 i 4500 | ||
|---|---|---|---|
| 003 | EG-GICUC | ||
| 005 | 20260121101417.0 | ||
| 008 | 251202s1977 fr ||||fr|||| 00| 0 fre d | ||
| 020 | _a2248005792 | ||
| 040 |
_aEG-GiCUC _bfre _cEG-GiCUC _dEG-GiCUC _eRda |
||
| 041 | _afre | ||
| 082 | 0 | 4 |
_221 _a341.1 _bRO . D |
| 092 | 0 | 4 | _221 |
| 099 | _aLaw1 11 341.1 RO . D 1977 | ||
| 100 | 1 |
_aRousseau, Charles, _d1902-1993, _eAuteur |
|
| 245 | 1 | 0 |
_aDroit international public. _cCharles Rousseau. _nTOME III, _pLes compétences / |
| 264 | 1 |
_aParis : _bSirey, _c1977. |
|
| 300 |
_a635 page ; _c24 cm. |
||
| 336 |
_2rda contenu _a texte |
||
| 337 |
_2rda medias _aOrdinateur |
||
| 338 |
_2 transporteur rda _a Ressource en ligne |
||
| 500 | _aLes éditions publiées en 1958 et 1961 ont pour titre : Droit international public approfondi. | ||
| 504 | _aComprend des références bibliographiques. Comprend une bibliographie. | ||
| 546 | _aTexte en français | ||
| 650 | 1 | 4 |
_aÉtats semi-indépendants _xDroit international public _2qrmak |
| 651 | 1 | _2qrmak | |
| 856 | 4 | 0 | _uhttps://fll.law.cu.edu.eg/fulltext/bks/B11-05681.pdf |
| 905 |
_a75 _eHassnaa |
||
| 942 |
_2ddc _n0 _cBK _e21 |
||
| 999 |
_c47973 _d47973 |
||